Wird geladen...

Sexually transmitted diseases : methods and protocols

Bibliographische Detailangaben
Hauptverfasser: Peeling, Rosanna W; Editor, Sparling, P Frederic; Editor
Format: Printed Book
Veröffentlicht: New Jersey, Humana Press 1999
Schriftenreihe:Methodism in molecular medicine
Schlagworte:
LEADER 009970000a22003130004500
020 |a 0-89603-535-2 
082 |a 616.951 N9 
100 |a Peeling, Rosanna W; Editor 
100 |a Sparling, P Frederic; Editor 
245 |a Sexually transmitted diseases : methods and protocols 
260 |a New Jersey, Humana Press 
260 |c 1999 
460 |a x,244p 
465 |a D 89.50 
490 |a Methodism in molecular medicine 
500 |a ed. by Rosanna W.Peeling and P. Frederic Sparling 
650 |a Chlamydia trachomatis 
650 |a Communicable diseases 
650 |a Diagnosis 
650 |a Gonorrhea 
650 |a Haemophilus ducreyi 
650 |a Hepatitis B virus 
650 |a Medical science 
650 |a Molecular biology 
650 |a Sexually transmitted diseases 
650 |a STD Research 
942 |c BK 
999 |c 29392  |d 29392 
952 |0 0  |1 0  |4 0  |6 616_951000000000000_N9  |7 0  |8 ENG  |9 29232  |a MGUL  |b MGUL  |d 2013-07-16  |e D 89.50  |l 0  |o 616.951 N9  |p 29907  |r 2013-07-16  |w 2013-07-16  |y BK